[Event "DVM U20 2024"]
[Site "Breisach am Rhein GER"]
[Date "2024.12.30"]
[Round "7"]
[White "Lübke, Robin"]
[Black "Toth, Marc"]
[Result "1-0"]
[Termination "normal"]
[Board "3.4"]
[WhiteElo "2033"]
[BlackElo "1793"]
[WhiteTeam "Krefelder SK Turm 1851"]
[BlackTeam "SC Untergrombach 46"]
[PlyCount "98"]
[WhiteFideId "34629670"]
[BlackFideId "16260210"]
[EventCountry "GER"]
[EventRounds "7"]
[EventType "team-swiss"]
[EventDate "2024.12.26"]

1. Nf3 d5 2. e3 Nf6 3. c4 e6 4. Nc3 Nbd7 5. d4 Be7 6. Bd3 dxc4 7. Bxc4 a6 8. a4
O-O 9. O-O c5 10. Re1 b6 11. e4 cxd4 12. Nxd4 Ne5 13. Be2 Bc5 14. Be3 Bb7 15.
f3 Nc6 16. Nc2 Qe7 17. Qc1 Rfd8 18. Bxc5 Qxc5+ 19. Qe3 Nd4 20. Nxd4 Rxd4 21.
Red1 Rxd1+ 22. Nxd1 Qb4 23. Qc3 Qxc3 24. Nxc3 Rd8 25. Kf2 Kf8 26. Ke3 Ke7 27.
f4 Nd7 28. Rd1 f6 29. Bc4 Rc8 30. Ba2 g6 31. g4 Rc5 32. Rd3 g5 33. Kf3 Rc8 34.
Rd2 h6 35. f5 exf5 36. gxf5 Ne5+ 37. Kg3 Nc4 38. Bxc4 Rxc4 39. Kg4 Rc8 40. Kh5
Rh8 41. Nd5+ Bxd5 42. Rxd5 Rc8 43. Kg6 Rc6 44. b4 h5 45. Kxh5 Rc4 46. e5 fxe5
47. Kg6 Rxb4 48. f6+ Ke6 49. Rd8 Rf4 1-0

[Event "DVM U20 2024"]
[Site "Breisach am Rhein GER"]
[Date "2024.12.30"]
[Round "7"]
[White "Jung, Niklas"]
[Black "Schuricht, Paul Alexander"]
[Result "1/2-1/2"]
[Termination "normal"]
[Board "3.5"]
[WhiteElo "1722"]
[BlackElo "1856"]
[WhiteTeam "SC Untergrombach 46"]
[BlackTeam "Krefelder SK Turm 1851"]
[PlyCount "62"]
[WhiteFideId "16280601"]
[BlackFideId "16270177"]
[EventCountry "GER"]
[EventRounds "7"]
[EventType "team-swiss"]
[EventDate "2024.12.26"]

1. e4 e5 2. Nf3 Nc6 3. d4 exd4 4. Nxd4 Bc5 5. Nb3 Bb6 6. Nc3 d6 7. Qe2 Be6 8.
Be3 Nf6 9. g3 O-O 10. Bg2 Re8 11. O-O Qd7 12. Rad1 Bh3 13. Bxb6 axb6 14. Rfe1
Bxg2 15. Kxg2 Qg4 16. f3 Qh5 17. a3 Kf8 18. Nd4 Nxd4 19. Rxd4 Re7 20. Nd5 Nxd5
21. Rxd5 Qxd5 22. exd5 Rxe2+ 23. Rxe2 Ra5 24. Rd2 Ke7 25. f4 f5 26. Kf3 Ra4 27.
Re2+ Kf7 28. c3 Ra5 29. Rd2 Ra4 30. Re2 Ra5 31. Rd2 Ra4 1/2-1/2

[Event "DVM U20 2024"]
[Site "Breisach am Rhein GER"]
[Date "2024.12.30"]
[Round "7"]
[White "Jovanovic, Lucas"]
[Black "Wettstein, Levin"]
[Result "1-0"]
[Termination "normal"]
[Board "3.6"]
[WhiteElo "1793"]
[BlackElo "1741"]
[WhiteTeam "Krefelder SK Turm 1851"]
[BlackTeam "SC Untergrombach 46"]
[PlyCount "241"]
[WhiteFideId "34624406"]
[BlackFideId "34635866"]
[EventCountry "GER"]
[EventRounds "7"]
[EventType "team-swiss"]
[EventDate "2024.12.26"]

1. e4 e5 2. Nf3 Nc6 3. Nc3 Nf6 4. Nxe5 Nxe5 5. d4 Ng6 6. e5 Bb4 7. exf6 Bxc3+
8. bxc3 Qxf6 9. Bd3 O-O 10. O-O d6 11. f4 Bf5 12. Qh5 Bxd3 13. cxd3 Qh4 14. Qb5
b6 15. f5 Nh8 16. f6 g6 17. Qd7 Rac8 18. Qa4 a5 19. Qd1 Rfe8 20. Bd2 d5 21. g3
Qh3 22. Qf3 Qf5 23. Qxf5 gxf5 24. Rxf5 c6 25. Bh6 Ng6 26. h4 Re6 27. h5 Nf8 28.
Raf1 Ree8 29. Rg5+ Kh8 30. Rg7 Rc7 31. Rg4 Ne6 32. Re1 Rd8 33. Bg7+ Kg8 34.
Bh6+ Kh8 35. Bc1 Rdc8 36. Kf2 Rd8 37. Ba3 Rg8 38. Rxg8+ Kxg8 39. h6 Rc8 40. Re5
Rd8 41. Kf3 b5 42. Be7 Rb8 43. Kg4 Rb7 44. Kf5 Rd7 45. Rxe6 b4 46. cxb4 axb4
47. Rxc6 Rd8 48. Bxd8 Kf8 49. Be7+ Ke8 50. Bxb4 Kd7 51. Rd6+ Ke8 52. Rc6 Kd7
53. Rc1 Ke8 54. a4 Kd8 55. a5 Kd7 56. a6 Kd8 57. a7 Kd7 58. a8=B Kd8 59. Bxd5
Kd7 60. Bxf7 Kd8 61. Bg8 Kd7 62. Bxh7 Kd8 63. Bg6 Kd7 64. h7 Kd8 65. h8=N Kd7
66. Bh5 Kd8 67. Ng6 Kd7 68. Nh4 Kd8 69. Nf3 Kd7 70. Ng1 Kd8 71. Be2 Kd7 72. Bf1
Kd8 73. f7 Kd7 74. f8=N+ Kd8 75. Ne6+ Kd7 76. Nc5+ Kd8 77. Ra1 Ke8 78. Nb3 Kd8
79. Nd2 Kd7 80. Nb1 Kd8 81. d5 Kd7 82. d6 Kd8 83. Ke6 Kc8 84. d7+ Kc7 85. d8=Q+
Kxd8 86. g4 Kc7 87. g5 Kd8 88. g6 Kc8 89. g7 Kc7 90. g8=Q Kb6 91. Qg2 Kc7 92.
Qc2+ Kb6 93. d4 Kb7 94. d5 Kb8 95. d6 Kb7 96. d7 Kb6 97. Ke5 Kb7 98. Ke4 Kb6
99. Ke3 Kb7 100. Ke2 Kb6 101. Ke1 Kb7 102. d8=R Kb6 103. Rh8 Kb7 104. Rh1 Kb6
105. Ba3 Kb7 106. Bc1 Kb6 107. Qd1 Kb7 108. Qe2 Kb6 109. Qg2 Kc5 110. Rh3 Kb4
111. Rf3 Kc5 112. Qg4 Kd5 113. Rf5+ Ke6 114. Qg6+ Ke7 115. Rf6 Kd7 116. Qg8 Kc7
117. Re6 Kb7 118. Qf7+ Kc8 119. Qf8+ Kd7 120. Re8 Kc6 121. Rd8 1-0

[Event "DVM U20 2024"]
[Site "Breisach am Rhein GER"]
[Date "2024.12.30"]
[Round "7"]
[White "Garner, Isaac"]
[Black "Englert, Luca"]
[Result "1/2-1/2"]
[Termination "normal"]
[Board "4.1"]
[BlackTitle "FM"]
[WhiteElo "2334"]
[BlackElo "2305"]
[WhiteTeam "Hamburger SK 1830"]
[BlackTeam "VfB Schach Leipzig"]
[PlyCount "59"]
[WhiteFideId "16239261"]
[BlackFideId "16293088"]
[EventCountry "GER"]
[EventRounds "7"]
[EventType "team-swiss"]
[EventDate "2024.12.26"]

1. Nf3 Nf6 2. c4 c5 3. Nc3 Nc6 4. g3 d5 5. d4 e6 6. cxd5 Nxd5 7. Bg2 cxd4 8.
Nxd4 Nxc3 9. bxc3 Nxd4 10. Qxd4 Be7 11. Qxd8+ Bxd8 12. Rb1 Bf6 13. O-O O-O 14.
c4 Rd8 15. Be3 Rd7 16. a4 a5 17. Bb6 Bc3 18. c5 Rb8 19. Ba7 Ra8 20. Bb6 Rb8 21.
Rb5 Rd2 22. Bxa5 Bxa5 23. Rxa5 e5 24. Rb5 Bg4 25. Bxb7 Bxe2 26. c6 Rc2 27. Rfb1
Bxb5 28. Rxb5 Rd8 29. Rxe5 f6 30. Re7 1/2-1/2

[Event "DVM U20 2024"]
[Site "Breisach am Rhein GER"]
[Date "2024.12.30"]
[Round "7"]
[White "Schön, Florian"]
[Black "Weihrauch, Jakob"]
[Result "1/2-1/2"]
[Termination "normal"]
[Board "4.2"]
[BlackTitle "FM"]
[WhiteElo "1919"]
[BlackElo "2246"]
[WhiteTeam "VfB Schach Leipzig"]
[BlackTeam "Hamburger SK 1830"]
[PlyCount "75"]
[WhiteFideId "16259394"]
[BlackFideId "16210115"]
[EventCountry "GER"]
[EventRounds "7"]
[EventType "team-swiss"]
[EventDate "2024.12.26"]

1. e4 c5 2. Nc3 a6 3. Nf3 d6 4. d4 cxd4 5. Nxd4 Nf6 6. Bg5 e6 7. f4 h6 8. Bh4
Nbd7 9. Qf3 e5 10. fxe5 dxe5 11. Nb3 Qc7 12. O-O-O Be7 13. Bf2 b5 14. g4 Bb7
15. Bd3 b4 16. Ne2 a5 17. Kb1 a4 18. Nd2 Nc5 19. h4 b3 20. Bxc5 bxa2+ 21. Kxa2
Qxc5 22. g5 hxg5 23. hxg5 Rxh1 24. Rxh1 Nd5 25. g6 Nb4+ 26. Kb1 f6 27. Qg4 Bc8
28. Qg1 Nxd3 29. cxd3 Qd6 30. Qe3 Ba6 31. Nc4 Qb4 32. Rh8+ Bf8 33. Qh3 Bxc4 34.
dxc4 Qd6 35. Rxf8+ Qxf8 36. Qe6+ Kd8 37. Qb6+ Kd7 38. Qb7+ 1/2-1/2

[Event "DVM U20 2024"]
[Site "Breisach am Rhein GER"]
[Date "2024.12.30"]
[Round "7"]
[White "Avdic, Faris"]
[Black "Allmendinger, Anton Johannes"]
[Result "1-0"]
[Termination "normal"]
[Board "4.3"]
[WhiteElo "2241"]
[BlackElo "1743"]
[WhiteTeam "Hamburger SK 1830"]
[BlackTeam "VfB Schach Leipzig"]
[PlyCount "45"]
[WhiteFideId "14422328"]
[BlackFideId "34676961"]
[EventCountry "GER"]
[EventRounds "7"]
[EventType "team-swiss"]
[EventDate "2024.12.26"]

1. d4 d5 2. c4 c6 3. Nf3 Nf6 4. Nc3 dxc4 5. e4 b5 6. Be2 b4 7. Na4 Nxe4 8. Bxc4
e6 9. O-O Bd6 10. Qe2 Nf6 11. Ne5 Qc7 12. Bf4 O-O 13. Rac1 Nd5 14. Bg3 a5 15.
Nc5 Bxc5 16. dxc5 Qe7 17. Rfe1 Qxc5 18. Bd3 Qb6 19. Rc4 h6 20. Ng4 Qd8 21.
Nxh6+ gxh6 22. Rg4+ Kh8 23. Qd2 1-0

[Event "DVM U20 2024"]
[Site "Breisach am Rhein GER"]
[Date "2024.12.30"]
[Round "7"]
[White "Reyes-Mantilla, Andrés Mauricio"]
[Black "Feilhauer, Janick"]
[Result "1-0"]
[Termination "normal"]
[Board "4.5"]
[WhiteElo "2085"]
[BlackElo "1710"]
[WhiteTeam "Hamburger SK 1830"]
[BlackTeam "VfB Schach Leipzig"]
[PlyCount "63"]
[WhiteFideId "4467248"]
[BlackFideId "16266358"]
[EventCountry "GER"]
[EventRounds "7"]
[EventType "team-swiss"]
[EventDate "2024.12.26"]

1. d4 Nf6 2. c4 e6 3. g3 d5 4. Bg2 dxc4 5. Nf3 Nc6 6. O-O Rb8 7. Nc3 b5 8. e4
Be7 9. d5 Nb4 10. Nd4 Bd7 11. dxe6 fxe6 12. e5 Nfd5 13. Bh3 Nxc3 14. bxc3 Nd5
15. Bxe6 Nxc3 16. Qf3 Bxe6 17. Nxe6 Qd3 18. Nxg7+ Kd8 19. Qc6 Qd7 20. Ne6+ Kc8
21. Qa6+ Rb7 22. Be3 Kb8 23. Rfe1 Rg8 24. Nf4 Bg5 25. Nh5 Qf7 26. Nf6 Bxf6 27.
exf6 Nd5 28. Bd4 Rf8 29. Bc5 Re8 30. Qc6 Nxf6 31. Qxf6 Qxf6 32. Rxe8+ 1-0

[Event "DVM U20 2024"]
[Site "Breisach am Rhein GER"]
[Date "2024.12.30"]
[Round "7"]
[White "Vecera, Fabio"]
[Black "Kort, Felix"]
[Result "0-1"]
[Termination "normal"]
[Board "4.6"]
[WhiteElo "1673"]
[BlackElo "2047"]
[WhiteTeam "VfB Schach Leipzig"]
[BlackTeam "Hamburger SK 1830"]
[PlyCount "66"]
[WhiteFideId "16281705"]
[BlackFideId "16220129"]
[EventCountry "GER"]
[EventRounds "7"]
[EventType "team-swiss"]
[EventDate "2024.12.26"]

1. Nf3 Nf6 2. c4 e6 3. g3 d5 4. Bg2 d4 5. O-O c5 6. e3 Nc6 7. exd4 cxd4 8. d3
Bd6 9. Re1 O-O 10. a4 e5 11. Na3 Bg4 12. Nc2 Re8 13. h3 Bf5 14. Nh4 Be6 15. Bd2
a5 16. Rb1 Qd7 17. Kh2 Qe7 18. Re2 Nd7 19. Nf3 Nc5 20. Nce1 e4 21. Rxe4 Nxe4
22. dxe4 Bxc4 23. Rc1 Ba6 24. e5 Bxe5 25. Nxe5 Qxe5 26. Nf3 Qe2 27. Qc2 Qxf2
28. Ng5 d3 29. Qb3 Re2 30. Qd5 Rxd2 31. Rg1 Nd4 32. Qe4 g6 33. Kh1 Ne2 0-1

[Event "DVM U20 2024"]
[Site "Breisach am Rhein GER"]
[Date "2024.12.30"]
[Round "7"]
[White "Kanzow, Alexander"]
[Black "Nguyen, Alex Dac-Vuong"]
[Result "0-1"]
[Termination "normal"]
[Board "5.1"]
[BlackTitle "IM"]
[WhiteElo "1939"]
[BlackElo "2360"]
[WhiteTeam "KSV Rochade Göttingen (Veltheim)"]
[BlackTeam "SG Leipzig"]
[PlyCount "162"]
[WhiteFideId "16225414"]
[BlackFideId "12984388"]
[EventCountry "GER"]
[EventRounds "7"]
[EventType "team-swiss"]
[EventDate "2024.12.26"]

1. c4 e5 2. Nc3 Nf6 3. g3 d5 4. cxd5 Nxd5 5. Bg2 Nb6 6. Nf3 Nc6 7. O-O Be7 8.
d3 O-O 9. Bd2 Be6 10. Rc1 f5 11. a3 Kh8 12. b4 a6 13. Be3 Bf6 14. Nd2 Qe8 15.
Nb3 f4 16. Bc5 Rf7 17. Ne4 Rd8 18. Bxb6 cxb6 19. Qc2 Be7 20. Qb2 Qd7 21. Rfd1
Bd5 22. Nbd2 Qf5 23. e3 Qh5 24. exf4 exf4 25. gxf4 Rxf4 26. Nf1 Ne5 27. Nfg3
Nf3+ 28. Bxf3 Qxf3 29. Qe2 Qxe2 30. Nxe2 Rg4+ 31. N2g3 h5 32. f3 Rf4 33. Kg2
Rdf8 34. Rf1 h4 35. Ne2 R4f7 36. h3 a5 37. N2c3 Bc6 38. b5 Bd7 39. a4 Rf5 40.
Nd1 Rd5 41. Ndf2 Bd8 42. Rc3 Be6 43. Ng4 Rd4 44. Ra1 Rb4 45. Rc2 Rd4 46. Rc3
Rb4 47. Rc2 Rf7 48. Kf2 Rd7 49. Ne5 Rc7 50. Re2 Kg8 51. Kg2 Rd4 52. f4 Bd5 53.
Kf2 Bf6 54. Nxf6+ gxf6 55. Rg1+ Kh7 56. Ng6 Bf7 57. Nf8+ Kh6 58. Ne6 Bxe6 59.
Rxe6 Rxf4+ 60. Ke3 Rf5 61. Rxb6 Re7+ 62. Kd2 Rf3 63. Rg4 Kh5 64. Rd6 Rxh3 65.
Rf4 Rg3 66. Rfxf6 h3 67. Rh6+ Kg4 68. Rhg6+ Kf3 69. Rxg3+ Kxg3 70. Rg6+ Kf2 71.
Rf6+ Kg1 72. Rg6+ Kf1 73. Rf6+ Kg2 74. Rg6+ Kf2 75. Rf6+ Kg3 76. Rg6+ Kf3 77.
Rf6+ Kg4 78. Rh6 Re5 79. Rh7 Rh5 80. Rxb7 h2 81. Rg7+ Kh3 0-1

[Event "DVM U20 2024"]
[Site "Breisach am Rhein GER"]
[Date "2024.12.30"]
[Round "7"]
[White "Haufe, Laurin"]
[Black "Mimkes, Antal"]
[Result "0-1"]
[Termination "normal"]
[Board "5.2"]
[WhiteElo "2170"]
[BlackElo "2040"]
[WhiteTeam "SG Leipzig"]
[BlackTeam "KSV Rochade Göttingen (Veltheim)"]
[PlyCount "68"]
[WhiteFideId "12976504"]
[BlackFideId "16265963"]
[EventCountry "GER"]
[EventRounds "7"]
[EventType "team-swiss"]
[EventDate "2024.12.26"]

1. e4 c5 2. Nf3 e6 3. d4 cxd4 4. Nxd4 Nf6 5. Nc3 Nc6 6. Ndb5 Bb4 7. a3 Bxc3+ 8.
Nxc3 d5 9. exd5 exd5 10. Bd3 O-O 11. O-O Bg4 12. f3 d4 13. Ne2 Bh5 14. Bg5 Qd6
15. Qd2 Nd5 16. Nf4 Bg6 17. Bxg6 hxg6 18. Nxd5 Qxd5 19. Bh4 Qb5 20. b3 Rac8 21.
Rfe1 a5 22. Re2 a4 23. b4 Qc4 24. Rd1 Rfe8 25. Rxe8+ Rxe8 26. Qd3 Qxd3 27. Rxd3
b5 28. Kf2 Rc8 29. f4 Nb8 30. Rxd4 Rxc2+ 31. Ke3 Nc6 32. Rd6 f6 33. Kd3 Rc1 34.
Bf2 Rd1+ 0-1

[Event "DVM U20 2024"]
[Site "Breisach am Rhein GER"]
[Date "2024.12.30"]
[Round "7"]
[White "Eberle, Florian"]
[Black "Herrmann, Arthur"]
[Result "0-1"]
[Termination "normal"]
[Board "5.3"]
[WhiteElo "1977"]
[BlackElo "1992"]
[WhiteTeam "KSV Rochade Göttingen (Veltheim)"]
[BlackTeam "SG Leipzig"]
[PlyCount "168"]
[WhiteFideId "34627731"]
[BlackFideId "16287150"]
[EventCountry "GER"]
[EventRounds "7"]
[EventType "team-swiss"]
[EventDate "2024.12.26"]

1. d4 d5 2. Nf3 Nf6 3. c4 dxc4 4. Nc3 e6 5. e4 b5 6. e5 Nd5 7. Nxb5 Nb6 8. Be3
Bb7 9. Rc1 Bb4+ 10. Nc3 O-O 11. Be2 Nc6 12. O-O Ne7 13. Na4 Ned5 14. Bxc4 Nxc4
15. Rxc4 Ba6 16. Rc6 Bxf1 17. Kxf1 Nxe3+ 18. fxe3 Qd5 19. Qc2 Qxa2 20. Rxc7 Qd5
21. Kg1 Qd8 22. h4 Rc8 23. Ng5 g6 24. Rxc8 Qxc8 25. Nc3 Be7 26. Qf2 Qd8 27.
Nce4 Kg7 28. Nf6 h6 29. Nge4 Bxf6 30. Nxf6 Qe7 31. Kh2 Rb8 32. Kh3 Qb7 33. Qf4
Qe7 34. Ng4 Rh8 35. e4 h5 36. Nf6 a5 37. Qg5 Qb7 38. d5 exd5 39. exd5 Qxb2 40.
d6 Qc2 41. d7 Qb3+ 42. Kh2 Qb8 43. Nd5 Rf8 44. Qf6+ Kh7 45. Ne7 Qc7 46. Nxg6
fxg6 47. Qxf8 Qxe5+ 48. Kh1 Qe1+ 49. Kh2 Qxh4+ 50. Kg1 Qd4+ 51. Qf2 Qxd7 52.
Qa2 a4 53. Qa3 Qd1+ 54. Kf2 Qc2+ 55. Kg1 Qb3 56. Qe7+ Kh6 57. Qf8+ Kg5 58. Qe7+
Kf5 59. Qc5+ Ke4 60. Qc6+ Ke5 61. Qc5+ Ke4 62. Qc6+ Kd4 63. Qf6+ Kc4 64. Qc6+
Kb4 65. Qd6+ Kc3 66. Qf6+ Kd2 67. Qd4+ Kc1 68. Qf4+ Kb2 69. Qe5+ Kb1 70. Qe1+
Ka2 71. Qe2+ Ka1 72. Kh2 a3 73. Qe1+ Kb2 74. Qd2+ Kb1 75. Qe1+ Kc2 76. Qe4+ Qd3
77. Qc6+ Kd1 78. Qa4+ Kc1 79. Qf4+ Kd1 80. Qa4+ Ke2 81. Qc6 g5 82. Qe8+ Qe3 83.
Qb5+ Kf2 84. Kh1 Qe1+ 0-1

[Event "DVM U20 2024"]
[Site "Breisach am Rhein GER"]
[Date "2024.12.30"]
[Round "7"]
[White "Schäfer, Konstantin"]
[Black "Tulchynsky, David"]
[Result "1/2-1/2"]
[Termination "normal"]
[Board "5.4"]
[WhiteElo "1869"]
[BlackElo "1877"]
[WhiteTeam "SG Leipzig"]
[BlackTeam "KSV Rochade Göttingen (Veltheim)"]
[PlyCount "72"]
[WhiteFideId "16240510"]
[BlackFideId "16289560"]
[EventCountry "GER"]
[EventRounds "7"]
[EventType "team-swiss"]
[EventDate "2024.12.26"]

1. e4 c5 2. Nf3 d6 3. d4 Nf6 4. Nc3 cxd4 5. Nxd4 g6 6. Be2 Bg7 7. Be3 Nc6 8.
Qd2 Ng4 9. Bxg4 Bxg4 10. f3 Bd7 11. Nb3 Be6 12. Bh6 Bxh6 13. Qxh6 Qb6 14. O-O-O
a5 15. Qg7 O-O-O 16. Nd5 Bxd5 17. Rxd5 a4 18. Nd2 Nb4 19. Rd4 a3 20. Rc4+ Kb8
21. bxa3 Nc6 22. Qb2 Qa6 23. a4 Rc8 24. Qb5 Ne5 25. Qxa6 bxa6 26. Rb4+ Ka7 27.
Kb2 Rc6 28. f4 Rhc8 29. fxe5 Rxc2+ 30. Kb1 Rxd2 31. Rf1 dxe5 32. Rxf7 Rc7 33.
Rxh7 Rxg2 34. h4 Rd7 35. Kc1 Rc7+ 36. Kb1 Rd7 1/2-1/2

[Event "DVM U20 2024"]
[Site "Breisach am Rhein GER"]
[Date "2024.12.30"]
[Round "7"]
[White "Schilling, Rumo"]
[Black "Nguyen, Jenny Ha-Linh"]
[Result "1-0"]
[Termination "normal"]
[Board "5.5"]
[WhiteElo "1665"]
[BlackElo "1815"]
[WhiteTeam "KSV Rochade Göttingen (Veltheim)"]
[BlackTeam "SG Leipzig"]
[PlyCount "75"]
[WhiteFideId "16283139"]
[BlackFideId "16209729"]
[EventCountry "GER"]
[EventRounds "7"]
[EventType "team-swiss"]
[EventDate "2024.12.26"]

1. e4 e6 2. d4 d5 3. Bd3 dxe4 4. Bxe4 Nf6 5. Bf3 c5 6. Ne2 cxd4 7. Qxd4 Qc7 8.
Bf4 Qa5+ 9. Nbc3 Bc5 10. Qc4 O-O 11. O-O a6 12. a3 Ba7 13. g4 Qc5 14. Qxc5 Bxc5
15. g5 Nfd7 16. Ne4 Nc6 17. Nxc5 Nxc5 18. Bd6 Rd8 19. Bxc5 Ne5 20. Bg2 Nc6 21.
Rfd1 Re8 22. Nc3 Nb8 23. Na4 Nd7 24. Nb6 Nxb6 25. Bxb6 e5 26. Rd6 e4 27. Rad1
Bf5 28. Rd8 Raxd8 29. Rxd8 Rxd8 30. Bxd8 Kf8 31. Kf1 Ke8 32. Bb6 f6 33. gxf6
gxf6 34. c3 Kd7 35. Ke2 Bg6 36. Ke3 f5 37. f3 exf3 38. Bxf3 1-0

[Event "DVM U20 2024"]
[Site "Breisach am Rhein GER"]
[Date "2024.12.30"]
[Round "7"]
[White "Zinke, Mirko"]
[Black "Tulchynsky, Mark"]
[Result "1/2-1/2"]
[Termination "normal"]
[Board "5.6"]
[WhiteElo "1791"]
[BlackElo "1714"]
[WhiteTeam "SG Leipzig"]
[BlackTeam "KSV Rochade Göttingen (Veltheim)"]
[PlyCount "80"]
[WhiteFideId "16240600"]
[BlackFideId "34617698"]
[EventCountry "GER"]
[EventRounds "7"]
[EventType "team-swiss"]
[EventDate "2024.12.26"]

1. Nf3 c6 2. c4 d5 3. cxd5 cxd5 4. d4 Nc6 5. Nc3 Nf6 6. Bf4 Bf5 7. e3 e6 8. Bd3
Bxd3 9. Qxd3 Bd6 10. Bg3 Bxg3 11. hxg3 Qb6 12. O-O O-O 13. a3 Rfc8 14. b4 a6
15. Na4 Qd8 16. Rfc1 Ne4 17. Nd2 Nd6 18. Rc2 b5 19. Nc5 Nc4 20. Nxc4 bxc4 21.
Qd1 Rcb8 22. Rb1 Qd6 23. e4 Re8 24. a4 a5 25. b5 Nb4 26. Rc3 Rac8 27. Re3 Rxc5
28. dxc5 Qxc5 29. exd5 Nxd5 30. b6 Rb8 31. Rb5 Qc6 32. Rxd5 exd5 33. Qd4 h6 34.
Re5 Rxb6 35. Rxd5 Qc7 36. Rd7 Qc6 37. Rd5 Qc7 38. Rd7 Rb1+ 39. Kh2 Qc6 40. Rd6
Qb7 1/2-1/2

[Event "DVM U20 2024"]
[Site "Breisach am Rhein GER"]
[Date "2024.12.30"]
[Round "7"]
[White "Helmbrecht, Paul"]
[Black "Skembris, Simon Max"]
[Result "0-1"]
[Termination "normal"]
[Board "6.1"]
[WhiteElo "1988"]
[BlackElo "2063"]
[WhiteTeam "FC Ergolding 1932"]
[BlackTeam "SK Freiburg-Zähringen 1887"]
[PlyCount "86"]
[WhiteFideId "16270932"]
[BlackFideId "16281381"]
[EventCountry "GER"]
[EventRounds "7"]
[EventType "team-swiss"]
[EventDate "2024.12.26"]

1. c4 e5 2. g3 Nf6 3. Bg2 d5 4. cxd5 Nxd5 5. Nc3 Nb6 6. d3 Be7 7. Nf3 Nc6 8.
O-O O-O 9. a3 Re8 10. Be3 Bf8 11. Nd2 Nd4 12. Nc4 c6 13. Rc1 Bg4 14. b4 Nxc4
15. dxc4 Nxe2+ 16. Nxe2 Qxd1 17. Rfxd1 Bxe2 18. Rd7 Re7 19. Rd2 Bg4 20. b5 Rc7
21. a4 Bb4 22. Ra2 a5 23. Bb6 Rcc8 24. h3 Bf5 25. Rd1 Be6 26. Rc2 f6 27. Rcc1
Kf7 28. c5 f5 29. Rd6 e4 30. f3 e3 31. Bf1 Ke7 32. Rd3 Bd2 33. bxc6 bxc6 34.
Rd1 Bd5 35. Be2 g5 36. Rd4 Kf6 37. h4 h6 38. Kh2 Re8 39. Bc7 Ra7 40. Bb6 Rg7
41. Rf1 Ke5 42. Rd3 gxh4 43. g4 Rf8 0-1

[Event "DVM U20 2024"]
[Site "Breisach am Rhein GER"]
[Date "2024.12.30"]
[Round "7"]
[White "Langner, Robin"]
[Black "Lichtinger, Simon"]
[Result "1-0"]
[Termination "normal"]
[Board "6.2"]
[WhiteElo "2032"]
[BlackElo "1909"]
[WhiteTeam "SK Freiburg-Zähringen 1887"]
[BlackTeam "FC Ergolding 1932"]
[PlyCount "65"]
[WhiteFideId "34606190"]
[BlackFideId "16230442"]
[EventCountry "GER"]
[EventRounds "7"]
[EventType "team-swiss"]
[EventDate "2024.12.26"]

1. d4 c5 2. d5 e5 3. e4 d6 4. Bd3 Be7 5. Ne2 Bg5 6. f4 exf4 7. Nxf4 Nd7 8. O-O
Ne5 9. Nd2 Nf6 10. Nf3 Bg4 11. Bb5+ Nfd7 12. Qe1 Bxf3 13. gxf3 Qb6 14. c4 O-O-O
15. Bd2 a6 16. Ba5 Qa7 17. Bxd8 Bxf4 18. Bxd7+ Kxd8 19. Bh3 g5 20. Qa5+ b6 21.
Qa4 Nd3 22. Rab1 Be3+ 23. Kh1 Nf2+ 24. Kg2 Nxh3 25. Kxh3 h5 26. Qc6 Qd7+ 27.
Qxd7+ Kxd7 28. Rfe1 Bf4 29. Re2 f6 30. a3 Be5 31. b4 Rh7 32. bxc5 dxc5 33. Rxb6
1-0

[Event "DVM U20 2024"]
[Site "Breisach am Rhein GER"]
[Date "2024.12.30"]
[Round "7"]
[White "Klein, Maxim"]
[Black "Lauterbach, Kolja"]
[Result "0-1"]
[Termination "normal"]
[Board "6.3"]
[WhiteElo "1701"]
[BlackElo "1958"]
[WhiteTeam "FC Ergolding 1932"]
[BlackTeam "SK Freiburg-Zähringen 1887"]
[PlyCount "42"]
[WhiteFideId "16281632"]
[BlackFideId "16235916"]
[EventCountry "GER"]
[EventRounds "7"]
[EventType "team-swiss"]
[EventDate "2024.12.26"]

1. d4 f5 2. e4 fxe4 3. c4 Nf6 4. Nc3 Nc6 5. Bg5 b6 6. d5 Ne5 7. Bxf6 exf6 8.
Nxe4 f5 9. Nd2 Bc5 10. f4 Ng4 11. Qe2+ Kf7 12. O-O-O Re8 13. Qd3 Qf6 14. Nh3
Re3 15. Qc2 d6 16. Nb3 Bb4 17. Be2 Kg8 18. Bxg4 fxg4 19. Ng5 Bf5 20. Qf2 Rae8
21. Ne6 Rc3+ 0-1

[Event "DVM U20 2024"]
[Site "Breisach am Rhein GER"]
[Date "2024.12.30"]
[Round "7"]
[White "Ciuloi, Victor Stefan"]
[Black "Lohr, Alexander"]
[Result "1-0"]
[Termination "normal"]
[Board "6.4"]
[WhiteElo "1941"]
[BlackElo "1612"]
[WhiteTeam "SK Freiburg-Zähringen 1887"]
[BlackTeam "FC Ergolding 1932"]
[PlyCount "87"]
[WhiteFideId "16242262"]
[BlackFideId "16297865"]
[EventCountry "GER"]
[EventRounds "7"]
[EventType "team-swiss"]
[EventDate "2024.12.26"]

1. d4 d5 2. Nf3 Nf6 3. g3 Bf5 4. Bg2 e6 5. c4 Be7 6. Nc3 c6 7. Nh4 Bg6 8. cxd5
exd5 9. O-O O-O 10. Nxg6 hxg6 11. Qc2 Nbd7 12. b3 Re8 13. Bb2 Rc8 14. Rad1 Qc7
15. a3 Bd6 16. Rfe1 a6 17. Rc1 Qb8 18. e4 dxe4 19. Nxe4 Nxe4 20. Bxe4 Nf6 21.
Bf3 Rxe1+ 22. Rxe1 Re8 23. Rd1 Qc7 24. b4 Qe7 25. Bc3 Nd5 26. Bxd5 cxd5 27. Qb3
Qg5 28. b5 Qf5 29. bxa6 bxa6 30. Re1 Rxe1+ 31. Bxe1 Qe4 32. Bb4 Bxb4 33. Qxb4
Qd3 34. a4 Qd1+ 35. Kg2 Qd3 36. Qb8+ Kh7 37. Qf4 f5 38. Qh4+ Kg8 39. Qd8+ Kh7
40. Qxd5 Qc2 41. a5 Qd3 42. Qe5 Qc3 43. h4 Kh6 44. Qe3+ 1-0

[Event "DVM U20 2024"]
[Site "Breisach am Rhein GER"]
[Date "2024.12.30"]
[Round "7"]
[White "Lieder, Dominik"]
[Black "Hördt, Benjamin"]
[Result "1-0"]
[Termination "normal"]
[Board "6.5"]
[WhiteElo "1568"]
[BlackElo "1901"]
[WhiteTeam "FC Ergolding 1932"]
[BlackTeam "SK Freiburg-Zähringen 1887"]
[PlyCount "107"]
[WhiteFideId "16281209"]
[BlackFideId "34648810"]
[EventCountry "GER"]
[EventRounds "7"]
[EventType "team-swiss"]
[EventDate "2024.12.26"]

1. e4 Nf6 2. e5 Nd5 3. d4 d6 4. exd6 cxd6 5. Nf3 g6 6. Bc4 Nb6 7. Bb3 Bg7 8.
Be3 O-O 9. Nbd2 Nc6 10. O-O Bg4 11. c3 d5 12. h3 Bxf3 13. Nxf3 e6 14. Qd2 Re8
15. Bh6 Bh8 16. Rfe1 Nc8 17. Rad1 Nd6 18. Bf4 b5 19. a3 Na5 20. Ba2 Nac4 21.
Qe2 a5 22. Rb1 Qb6 23. Be3 b4 24. Bxc4 Nxc4 25. Nd2 Nxe3 26. fxe3 bxa3 27. bxa3
Qd6 28. a4 Qa3 29. c4 Qxa4 30. c5 Reb8 31. Qd3 Qc6 32. Rxb8+ Rxb8 33. Rb1 Rb4
34. Ra1 Ra4 35. Rxa4 Qxa4 36. Qb3 Qxb3 37. Nxb3 Bf6 38. Nxa5 Kf8 39. Kf2 Ke7
40. Ke2 Kd7 41. Kd3 e5 42. dxe5 Bxe5 43. e4 dxe4+ 44. Kxe4 Bc3 45. Nb3 Kc6 46.
Kd3 Bg7 47. Kc4 h5 48. Na5+ Kc7 49. Kd5 g5 50. Nc4 Bf8 51. Na3 f5 52. Nb5+ Kc8
53. Nd4 f4 54. Ne6 0-1